| 000 | 00523nam a2200193 a 4500 | ||
|---|---|---|---|
| 005 | 20140310183509.0 | ||
| 008 | 050906s19uu xx 00 eng d | ||
| 020 | _a1412903726 | ||
| 050 |
_aP 90 _b.M35 2010 |
||
| 100 | _aMcQuail, Denis | ||
| 245 |
_aMcQuails mass communication theory / _cDenis McQuail |
||
| 250 | _a5th ed. | ||
| 260 |
_aLondon : _bSage Publications, _c2005. |
||
| 300 |
_a616 p. : _bill. ; _c24 cm. |
||
| 521 | _aMC | ||
| 650 |
_aMass media _xPhilosophy. |
||
| 942 |
_cBK _2lcc _kFOR |
||
| 999 |
_c24130 _d24130 |
||